إنك ميت : رؤية اسلامية / (رقم التسجيلة. 106195)

تفاصيل مارك
000 -الفاتح
عناصر البيانات ثابتة الطول 00687cam a2200217 i 4500
005 - تاريخ ووقت آخر معاملة
حقل ضبط 20251204102147.0
008 - عناصر البيانات ثابتة الطول
عناصر البيانات ثابتة الطول 250721s2005 su gr 000 0 ara d
020 ## - الترقيم الدولي المعياري للكتب (ردمك)
الترقيم الدولي المعياري للكتب (ردمك) 9960468151
082 14 - رقم تصنيف ديوي العشري
رقم التصنيف 214.5
رقم المادة ش ا د
100 1# - مدخل رئيسي – اسم شخصي
الاسم الشخصي الشادي، صالح
علاقة الشخص بالعمل/ دوره مؤلف.
245 10 - بيان العنوان
العنوان إنك ميت : رؤية اسلامية /
بيان المسؤولية صالح الشادي.
250 ## - بيان الطبعة
بيان الطبعة الطبعة الأولى.
264 31 - بيانات النشر، التوزيع…إلخ
مكان النشر، التوزيع...إلخ بيروت :
اسم الناشر، الموزع...إلخ دار الراتب الجامعية،
تاريخ النشر، التوزيع...إلخ 2005.
300 ## - الوصف المادي
عدد الوحدات المكونة للوعاء 206 صفحة.
490 0# - بيان السلسلة
عنوان السلسلة سلطة إبليس ؛
رقم الوعاء في السلسلة رقم 6.
650 17 - مدخل إضافي بالموضوع - مصطلح موضوعي
مصطلح موضوعي أو اسم جغرافي كعنصر مدخل الوفاة.
650 17 - مدخل إضافي بالموضوع - مصطلح موضوعي
مصطلح موضوعي أو اسم جغرافي كعنصر مدخل الجنة.
830 #0 - مدخل إضافي بالسلسلة-عنوان مقنن
عنوان السلسسلة سلطة إبليس.
942 ## - بيانات إضافية (كوها)
نوع التنصيف Dewey Decimal Classification
نوع المادة (كوها) كتب
المقتنيات
حالة السحب حالة الفقدان مصدر التصنيف حالة التلف غير قابل للإعارة المكتبة الرئيسية المكتبة الحالية موقع الرف تاريخ التزويد الرقم المتسلسل Total Checkouts رقم الإستدعاء الباركود تاريخ آخر ظهور تاريخ الفاتورة نوع المادة (كوها)
    Dewey Decimal Classification     المكتبة المركزية المكتبة المركزية الإعارة 09/04/2009 874996   214.5 / ش ا د PLD00082688 28/07/2025 09/04/2009 كتب
    Dewey Decimal Classification     مكتبة أبو علندا العامة مكتبة أبو علندا العامة الإعارة 14/04/2009 875011   214.5/شاد PLD00083306 28/07/2025 14/04/2009 كتب
    Dewey Decimal Classification     مكتبة أم قصير والمقابلين العامة مكتبة أم قصير والمقابلين العامة الإعارة 18/04/2009 875010   214.5/شاد PLD00083942 28/07/2025 18/04/2009 كتب
    Dewey Decimal Classification     مكتبة الأميرة ايمان العامة مكتبة الأميرة ايمان العامة الإعارة 28/07/2025 875002   214.5/شاد 875002 28/07/2025 28/07/2025 كتب
    Dewey Decimal Classification     مكتبة الاميرة بديعة مكتبة الاميرة بديعة الإعارة 15/04/2009 875005   214.5/شاد PLD00083583 28/07/2025 15/04/2009 كتب
    Dewey Decimal Classification     مكتبة البراءة للأطفال مكتبة البراءة للأطفال الإعارة 15/04/2009 875014   214.5/شاد PLD00083601 28/07/2025 15/04/2009 كتب
    Dewey Decimal Classification     مكتبة الجويدة مكتبة الجويدة الإعارة 14/04/2009 875006   214.5/شاد PLD00083322 28/07/2025 14/04/2009 كتب
    Dewey Decimal Classification     مكتبة الحسن العامة مكتبة الحسن العامة الإعارة 15/04/2009 875007   214.5/شاد PLD00083584 28/07/2025 15/04/2009 كتب
    Dewey Decimal Classification     مكتبة النصر العامة مكتبة النصر العامة الإعارة 14/04/2009 875013   214.5/شاد PLD00083345 28/07/2025 14/04/2009 كتب
    Dewey Decimal Classification     مكتبة حمزة العامة مكتبة حمزة العامة الإعارة 28/07/2025 875008   214.5/شاد 875008 28/07/2025 28/07/2025 كتب
    Dewey Decimal Classification     مكتبة صويلح العامة مكتبة صويلح العامة الإعارة 28/07/2025 875003   214.5/شاد 875003 28/07/2025 28/07/2025 كتب
    Dewey Decimal Classification     مكتبة وادي السير العامة مكتبة وادي السير العامة الإعارة 09/04/2009 875012   214.5/شاد PLD00082474 28/07/2025 09/04/2009 كتب
Implemented & Customized by: BBB with SCIT (Smart Chains for Information Technology)

Powered by Koha